Statistics for Barclays Premier League Managers 2012-13

Click here to take the quiz!

General Stats

  • This quiz has been taken 1,207 times
    (1,119 since last reset)
  • The average score is 12 of 20

Answer Stats

HintAnswer% Correct
ArsenalArsene Wenger
98%
Manchester UnitedDavid Moyes
90%
Everton-
89%
LiverpoolBrendan Rodgers
80%
Manchester City-
78%
Newcastle UnitedAlan Pardew
71%
Aston VillaPaul Lambert
68%
Stoke CityMark Hughes
67%
Queens Park RangersHarry Redknapp
66%
ChelseaRafael Benitez
65%
Wigan Athletic-
61%
Tottenham HotspurAndre Villas-Boas
58%
FulhamMartin Jol
56%
West Ham UnitedSam Allardyce
49%
Swansea CityMichael Laudrup
45%
Norwich CityChris Hughton
44%
SouthamptonMauricio Pochettino
41%
ReadingNigel Adkins
32%
West Bromich AlbionSteve Clarke
31%
SunderlandPaulo di Canio
30%

Score Distribution

Percentile by Number Answered

Percent of People with Each Score

Your Score History

You have not taken this quiz since the last reset